Vybavenosť vybraných autobusových staníc pre potreby turistov bakalárska práca

Salvato in:
Dettagli Bibliografici
Autore principale: Zábranská, Eva
Ente Autore: Obchodná fakulta EU. Katedra služieb a cestovného ruchu - zrušené
Altri autori: Litomerický, Juraj
Natura: Libro
Lingua:slovacco
Pubblicazione: Bratislava 2016
Tags: Aggiungi Tag
Nessun Tag, puoi essere il primo ad aggiungerne!!

MARC

LEADER 00000nbm a2200000 4500
001 0218652
005 20170126133651.2
041 0 |a slo 
044 |a SK 
245 1 0 |a Vybavenosť vybraných autobusových staníc pre potreby turistov  |b bakalárska práca  |c Eva Zábranská ; školiteľ: Juraj Litomerický 
264 1 |a Bratislava  |c 2016 
300 |a 48 s. 
100 1 |a Zábranská, Eva 
700 1 |a Litomerický, Juraj 
710 2 |a Obchodná fakulta EU. Katedra služieb a cestovného ruchu - zrušené